<?xml version="1.0" encoding="UTF-8"?>
<collection xmlns="http://www.loc.gov/MARC21/slim">
 <record>
  <leader>00669nam a22002295a 4500</leader>
  <controlfield tag="001">CEM.cems016011</controlfield>
  <controlfield tag="005">20091113120602.0</controlfield>
  <controlfield tag="008">130507s1951##################000#0#####d</controlfield>
  <controlfield tag="003">CEMS</controlfield>
  <datafield tag="082" ind1="0" ind2="4">
   <subfield code="a">637.3</subfield>
  </datafield>
  <datafield tag="100" ind1="1" ind2=" ">
   <subfield code="a">Minut, Juan</subfield>
  </datafield>
  <datafield tag="245" ind1="1" ind2="0">
   <subfield code="a">Elaboracion de quesos /</subfield>
   <subfield code="c">Juan Minut,</subfield>
  </datafield>
  <datafield tag="250" ind1=" " ind2=" ">
   <subfield code="a">2</subfield>
  </datafield>
  <datafield tag="260" ind1=" " ind2=" ">
   <subfield code="a">Buenos Aires :</subfield>
   <subfield code="b">El Ateneo,</subfield>
   <subfield code="c">1951</subfield>
  </datafield>
  <datafield tag="300" ind1=" " ind2=" ">
   <subfield code="a">589</subfield>
  </datafield>
  <datafield tag="653" ind1=" " ind2=" ">
   <subfield code="a">Industrias lacteas</subfield>
  </datafield>
  <datafield tag="653" ind1=" " ind2=" ">
   <subfield code="a">Leche-acidez</subfield>
  </datafield>
  <datafield tag="653" ind1=" " ind2=" ">
   <subfield code="a">Queso-elaboracion</subfield>
  </datafield>
  <datafield tag="653" ind1=" " ind2=" ">
   <subfield code="a">Queso-tipos</subfield>
  </datafield>
  <datafield tag="653" ind1=" " ind2=" ">
   <subfield code="a">Queso-ph</subfield>
  </datafield>
  <datafield tag="859" ind1=" " ind2=" ">
   <subfield code="a">CEMS</subfield>
   <subfield code="b">BIB. CEMS - Agricultura</subfield>
   <subfield code="h">637.3</subfield>
   <subfield code="i">M668a2</subfield>
   <subfield code="p">A5003.76</subfield>
   <subfield code="t">Ej.1</subfield>
   <subfield code="v">1</subfield>
   <subfield code="3">Vol. 1</subfield>
  </datafield>
  <datafield tag="859" ind1=" " ind2=" ">
   <subfield code="a">CEMS</subfield>
   <subfield code="b">BIB. CEMS - Agricultura</subfield>
   <subfield code="h">637.3</subfield>
   <subfield code="i">M668a2</subfield>
   <subfield code="p">A6078.77</subfield>
   <subfield code="t">Ej.2</subfield>
   <subfield code="v">1</subfield>
   <subfield code="3">Vol. 1</subfield>
  </datafield>
 </record>
</collection>
